Score 0/30 Timer 05:00
1 Play Today
Event (1)0s or (2)0s % Correct
Franz Ferdinand assassinated???
89.4%
Adolf Hitler became F├╝hrer of the Nazi Party???
87.7%
'Mein Kampf' published???
87.5%
Treaty of Versailles???
87%
First use of poison gas on the battlefield???
85.8%
Tsar Nicholas II and his family murdered???
82.6%
Stalin became leader of the Soviet Union???
82.3%
RMS Lusitania sunk???
81.6%
Grigory Rasputin assassinated???
78.2%
Walt Disney Company founded???
77.5%
Vladimir Lenin died???
72.7%
Egypt gained independence from the UK???
72.1%
Gandhi launched non-cooperation movement???
72%
World population reached 2 billion???
69.1%
Armenian genocide in the Ottoman Empire started???
68.9%
Event (1)0s or (2)0s % Correct
Pahlavi Dynasty rose to power in Iran???
66.8%
Hirohito became Emperor of Japan???
65.9%
Mexican Revolution began???
64.8%
Roald Amundsen reached the South Pole???
64.4%
Turkey became a secular republic???
64.3%
Northern Ireland created within the UK???
61.7%
Vatican City recognized as a sovereign state???
61.6%
Mark Twain died???
60.4%
Arizona admitted to the Union???
58.9%
Ernest Rutherford discovered the proton???
47.3%
Soviet Union formed???
45.8%
Bubble gum invented???
43.1%
Implementation of Daylight saving time???
42.6%
Union of South Africa created???
42%
Mussolini formed National Fascist Party???
18.7%
Remove Ads.
Support Sporcle.
Get the best of Sporcle when you Go Orange. This ad-free experience offers more features, more stats, and more fun while also helping to support Sporcle. Thank you for becoming a member.

You're not logged in!

Compare scores with friends on all Sporcle quizzes.
OR
Log In

Sporcle TV

Today on Sporcle TV


Watch our educational content, quiz creation guides, and fun videos on Sporcle TV.

Show Comments

Extras

Top Quizzes Today


Score Distribution

Paid Content

Your Account Isn't Verified!

In order to create a playlist on Sporcle, you need to verify the email address you used during registration. Go to your Sporcle Settings to finish the process.

Report this User

Report this user for behavior that violates our Community Guidelines.

Details: